Нерон (Запис номер 196346)
[ съкратено ]
| 000 -Лидер | |
|---|---|
| Контролно поле с фиксирана дължина | 01808nam a2200433 c 4500 |
| 003 - Код на организацията, давaща контролен номер | |
| Контролно поле | BLK |
| 005 - Дата и час на последна редакция | |
| Контролно поле | 20220414091654.0 |
| 008 - Елементи от данни с фиксирана дължина | |
| fixed length control field | 180411b bul|||||r ||||||| ||bul|| |
| 010 ## - Наследен системен номер | |
| LC control number | KNG00205619000 |
| 040 ## - Източник на каталожния запис | |
| Идентификатор на билиотеката - собственик на записа | BLK |
| 041 ## - Код за език | |
| Код за езика на текст/звукозапис или на отделно заглавие | Български |
| Код за езика КДБФ | Български |
| 072 #7 - Код за тематичната категория | |
| Код организация | bullib |
| Код за тематична категория | Н92 |
| Текст | История Н |
| 080 ## - УДК | |
| Текстов определител УДК | История на Рим (до 476 г. н. е.). Древен Рим |
| УДК код - определител по УДК | 94(37) |
| УДК определител | (092) |
| УДК - код + определител | 94(37)(092) |
| 080 ## - УДК | |
| Текстов определител УДК | Луций Домиций Ахенобарб. Римски император |
| УДК код - определител по УДК | 929 Нерон, Клавдий Цезар Август Германик |
| УДК - код + определител | 929 Нерон, Клавдий Цезар Август Германик |
| 100 1# - Редна дума - Автор | |
| Автор | Кравчук, Александер |
| Авторска отговорност | първи автор |
| R(LIN) | 83743 |
| 139 ## - Редно поле | |
| Редна дума | Кравчук, Александер |
| Авторски знак | Крав - К 88 |
| 245 10 - Сведения за заглавието | |
| Заглавие | Нерон |
| Редно поле (дума) | Александер Кравчук; прев. от пол. и послесл. Иво Бояджиев. |
| 257 ## - Страна на издаване | |
| Страна на създаване/издаване | България |
| 260 ## - Област на издателските данни | |
| Име на издателя, разпространителя и проч. | ОФ |
| Година на издаване | 1982 |
| Място на издаване, разпространение и проч. | София |
| 300 ## - Физическа характеристика | |
| Страници | 319 с. |
| Размери/Мащаб | 21 см |
| 380 ## - Жанр | |
| Жанр | История |
| 500 ## - Общи забележки | |
| Забележка | Ориг. загл. Neron. - Авт. не е отбелязан на кор. - 60 200 тир. |
| 600 14 - Име на лице, използвано като предмет | |
| За него / За нея | Нерон Клавдий Цезар Август Германик |
| 9 (RLIN) | 296978 |
| 650 #4 - Допълнително описание по предмет – тема | |
| Основно описание – тема или топоним | Нерон |
| 9 (RLIN) | 164215 |
| 650 #4 - Допълнително описание по предмет – тема | |
| Основно описание – тема или топоним | Древен Рим - история |
| 9 (RLIN) | 249436 |
| 651 #4 - Допълнително описание по предмет - топоним | |
| Географско понятие | Древен Рим |
| 9 (RLIN) | 254522 |
| 653 ## - Ключова дума – ненормативна | |
| Ключова дума | Нерон |
| 653 ## - Ключова дума – ненормативна | |
| Ключова дума | императори |
| 653 ## - Ключова дума – ненормативна | |
| Ключова дума | владетели |
| 653 ## - Ключова дума – ненормативна | |
| Ключова дума | исторически личности |
| 653 ## - Ключова дума – ненормативна | |
| Ключова дума | биографии |
| 659 ## - Тематичен бюлетин | |
| Тематичен бюлетин | Н |
| 700 1# - Други автори (авторска отговорност) | |
| Лично име | Бояджиев, Иво |
| Автороска отговорност (Описва отношението между автора и произведението) | прев. от пол. и послесл. |
| 9 (RLIN) | 341889 |
| 852 ## - Местоположение | |
| Форматна сигнатура | Цб 115869 |
| 856 4# - Електронен адрес и достъп | |
| Електронен формат | pdf - файл |
| 856 4# - Електронен адрес и достъп | |
| Електронен формат | pdf - файл |
| 999 ## - СИСТЕМНИ КОНТРОЛНИ НОМЕРА | |
| Koha biblionumber | 196346 |
| Koha biblioitemnumber | 196346 |
| 942 ## - АРТИКУЛИ | |
| Вид на библиотечния материал | Книги |
| Скрит в OPAC | Не |
| Периодичен библиозапис | Да |
| 944 ## - СЪЗДАВАНЕ И РЕДАКЦИЯ на ЗАПИСА | |
| Създаване/Редакция | Създаване |
| Дата на регистрацията/редакция | 07.02.2018 |
| Служител, извършил регистрацията/редакцията | Симона_Петрова |
| 944 ## - СЪЗДАВАНЕ И РЕДАКЦИЯ на ЗАПИСА | |
| Създаване/Редакция | Редакция |
| Дата на регистрацията/редакция | 07.02.2018 |
| Служител, извършил регистрацията/редакцията | Симона_Петрова |
| 999 ## - СИСТЕМНИ КОНТРОЛНИ НОМЕРА | |
| Koha biblioitemnumber | 196346 |
| Код за отписване | Код за изгубен артикул | Източник на класификационната схема | Код за повреда | Коз за рестрикции | Код за отдаване | Артикулен № | Име на библиотеката - собственик | Име на библиотеката, в която се намира в момента | Статус (Текущо местоположение) | Дата на вписване в системата | Местоположение - отдел | Цена в лева | Инвентарен номер | Систематично азбучна сигнатура | Баркод | Номер на екземпляра | Цена в евро | Служебна бележка | Служебен тип на артикула |
|---|---|---|---|---|---|---|---|---|---|---|---|---|---|---|---|---|---|---|---|
| Не е изгубен | Universal Decimal Classification | Не е повреден | без рестрикции | ползва се в читалня | 342422 | Регионална библиотека "Любен Каравелов" Русе | Регионална библиотека "Любен Каравелов" Русе | Хранилище | 1982-01-01 | Хранилище | 2.10 | 357887 | Цб 115869 | 120000357887 | 1 | 1.07 | Дост: Dp Вид: Д N: стар фонд Дата: 01.01.1982 | Книги | |
| Не е изгубен | Universal Decimal Classification | Не е повреден | без рестрикции | заемане за дома | 342423 | Регионална библиотека "Любен Каравелов" Русе | Регионална библиотека "Любен Каравелов" Русе | Заемна - подръчен фонд | 1982-01-01 | Заемна - подръчен фонд | 2.10 | 362701 | П 94(3)/Н 59 | 120000362701 | 2 | 1.07 | Дост: DA Вид: А N: стар фонд Дата: 01.01.1982 Дата инв: 16.02.2018 Бележки инв: П2018 | Книги | |
| Изтеглен | Не е изгубен | Universal Decimal Classification | Не е повреден | без рестрикции | заемане за дома | 342424 | Регионална библиотека "Любен Каравелов" Русе | Регионална библиотека "Любен Каравелов" Русе | Заемна - подръчен фонд | 1982-01-01 | Заемна - подръчен фонд | 2.10 | 362703 | П 931/939(092)/Н 59 | 362703 | 3 | 1.07 | Дост: DA Вид: А N: стар фонд Дата: 01.01.1982 | Книги |
| Изтеглен | Не е изгубен | Universal Decimal Classification | Не е повреден | без рестрикции | заемане за дома | 342425 | Регионална библиотека "Любен Каравелов" Русе | Регионална библиотека "Любен Каравелов" Русе | Заемна - подръчен фонд | 1982-01-01 | Заемна - подръчен фонд | 2.10 | 362704 | П 931/939(092)/Н 59 | 362704 | 4 | 1.07 | Дост: DA Вид: А N: стар фонд Дата: 01.01.1982 | Книги |
| Изтеглен | Не е изгубен | Universal Decimal Classification | Не е повреден | без рестрикции | заемане за дома | 342426 | Регионална библиотека "Любен Каравелов" Русе | Регионална библиотека "Любен Каравелов" Русе | Заемна - подръчен фонд | 1982-01-01 | Заемна - подръчен фонд | 2.10 | 362707 | П 931/939(092)/Н 59 | 362707 | 5 | 1.07 | Дост: DA Вид: А N: стар фонд Дата: 01.01.1982 Дата инв: 07.02.2018 Бележки инв: П2018 | Книги |
| Изтеглен | Не е изгубен | Universal Decimal Classification | Не е повреден | без рестрикции | заемане за дома | 342427 | Регионална библиотека "Любен Каравелов" Русе | Регионална библиотека "Любен Каравелов" Русе | Заемна - подръчен фонд | 1982-01-01 | Заемна - подръчен фонд | 2.10 | 362709 | П 931/939(092)/Н 59 | 362709 | 6 | 1.07 | Дост: DA Вид: А N: стар фонд Дата: 01.01.1982 | Книги |